Produkty životného poistenia na slovenskom poistnom trhu bakalárska práca

Enregistré dans:
Détails bibliographiques
Auteur principal: Šatrová, Mária
Collectivité auteur: Fakulta hospodárskej informatiky EU. Katedra matematiky
Autres auteurs: Sakálová, Katarína, 1955-
Format: Livre
Langue:slovaque
Publié: Bratislava 2012
Tags: Ajouter un tag
Pas de tags, Soyez le premier à ajouter un tag!

MARC

LEADER 00000nbm a2200000 4500
001 0156201
005 20161109111944.8
041 0 |a slo 
044 |a SK 
245 1 0 |a Produkty životného poistenia na slovenskom poistnom trhu  |b bakalárska práca  |c Mária Šatrová ; školiteľ: Katarína Sakálová 
264 1 |a Bratislava  |c 2012 
300 |a 46 s. 
100 1 |a Šatrová, Mária 
700 1 |a Sakálová, Katarína, 1955- 
710 2 |a Fakulta hospodárskej informatiky EU. Katedra matematiky